| 000 | 00594nmc a2200217 a 4500 | ||
|---|---|---|---|
| 003 | AR-X00000XY | ||
| 005 | 20251128212021.0 | ||
| 008 | 147020s1966 ||||||||||||||000 | spa|| | ||
| 040 | _cAR-X00000XY | ||
| 100 | 1 | _aPaz, Octavio | |
| 245 | 1 | 0 | _aPuertas al campo |
| 250 | _a1ª ed. | ||
| 260 |
_aMexico, D.F. _bUniversidad Nacional Autónoma de México _c1966 |
||
| 300 | 0 | _a283 p. | |
| 490 | 0 | _aColección Poemas y ensayos | |
| 500 | 0 | _aCon anotaciones manuscritas de Alejandra Pizarnik | |
| 655 | _aLITERATURA | ||
| 800 | 1 | _aGarcía Terrés, Jaime | |
| 942 | _cBK | ||
| 998 | _cmartin | ||
| 999 |
_c22091 _d22091 |
||